[Event "26th WSCC 2016 Open 65+"]
[Site "Marianske Lazne, Czech Republic - Hotel Cristal and Continental"]
[Date "2016.11.26"]
[Round "7.96"]
[White "Mittelbach, Zdenek"]
[Black "Londin, Milan"]
[Result "1/2-1/2"]
[WhiteElo "1944"]
[BlackElo "1754"]
[PlyCount "55"]
[EventDate "2016.11.19"]

1. c4 c5 2. Nf3 Nf6 3. d4 cxd4 4. Nxd4 Nc6 5. Nc3 a6 6. e4 d6 7. Be2 Nxd4 8.
Qxd4 Bd7 9. Bg5 Bc6 10. O-O e5 11. Qe3 Qc7 12. Nd5 Bxd5 13. cxd5 Be7 14. Rfc1
Qd8 15. Qb3 Qd7 16. f3 O-O 17. Rc2 Nxd5 18. Bd2 Nf6 19. Rac1 Rac8 20. Ba5 Rxc2
21. Qxc2 Bd8 22. Bxd8 Rxd8 23. Bc4 Kf8 24. Bb3 h6 25. Ba4 b5 26. Bb3 Qa7+ 27.
Qf2 Rd7 28. Kf1 $11 1/2-1/2

[Event "26th WSCC 2016 Open 65+"]
[Site "Marianske Lazne, Czech Republic - Hotel Cristal and Continental"]
[Date "2016.11.26"]
[Round "7.97"]
[White "Kosina, Vladimir"]
[Black "Abel, Hans-Peter"]
[Result "0-1"]
[WhiteElo "1715"]
[BlackElo "1923"]
[PlyCount "62"]
[EventDate "2016.11.19"]

1. d4 d5 2. c4 c6 3. Nf3 Nf6 4. Qc2 g6 5. Nc3 Bg7 6. e4 dxe4 7. Nxe4 O-O 8. Be3
Nbd7 9. O-O-O Nxe4 10. Qxe4 Nf6 11. Qc2 Ng4 12. Qd2 Nxe3 13. Qxe3 Qa5 14. Kb1
Bf5+ 15. Bd3 Be6 16. Rhe1 Rfd8 17. h3 b5 18. Qd2 Qxd2 19. Rxd2 bxc4 20. Be4
Rac8 21. Kc2 f5 22. Ng5 Bf7 23. Bxf5 gxf5 24. Rxe7 Bd5 25. Rxa7 Bh6 26. f4 Bxg5
27. fxg5 Ra8 28. Rxa8 Rxa8 29. a3 Rb8 30. Rf2 Kg7 31. Rxf5 Be4+ 0-1

[Event "26th WSCC 2016 Open 65+"]
[Site "Marianske Lazne, Czech Republic - Hotel Cristal and Continental"]
[Date "2016.11.26"]
[Round "7.98"]
[White "Horak, Miroslav"]
[Black "El Gheiadi, I."]
[Result "0-1"]
[WhiteElo "1686"]
[BlackElo "1918"]
[PlyCount "66"]
[EventDate "2016.11.19"]

1. e4 d5 2. exd5 Qxd5 3. Nc3 Qa5 4. d4 Nf6 5. Nf3 Bf5 6. Ne5 c6 7. Nc4 Qd8 8.
Bf4 e6 9. Bd3 Bxd3 10. Qxd3 Be7 11. O-O-O O-O 12. h3 a5 13. Ne4 Nxe4 14. Qxe4
Na6 15. a3 Nc7 16. Qe5 Nd5 17. Bg3 b5 18. Ne3 Ra7 19. Nxd5 cxd5 20. Rd3 a4 21.
c3 Qc8 22. Qe2 Qc4 23. Kb1 Rc8 24. Rd2 Qb3 25. Qd1 Rxc3 26. Qxb3 Rxb3 27. Ka2
h6 28. Rc1 Bg5 29. Rc8+ Kh7 30. f4 Rxg3 31. fxg5 hxg5 32. Kb1 Kg6 33. Kc2 b4
0-1

[Event "26th WSCC 2016 Open 65+"]
[Site "Marianske Lazne, Czech Republic - Hotel Cristal and Continental"]
[Date "2016.11.26"]
[Round "7.99"]
[White "Prachar, Josef"]
[Black "Mohammadian, Mohammad"]
[Result "1-0"]
[WhiteElo "1918"]
[BlackElo "1683"]
[PlyCount "117"]
[EventDate "2016.11.19"]

1. d4 Nf6 2. c4 g6 3. Nc3 d5 4. Bg5 dxc4 5. e3 Bg7 6. Bxc4 O-O 7. Nf3 Bg4 8. h3
Bf5 9. O-O c6 10. Re1 Ne4 11. Bf4 Qa5 12. Nxe4 Bxe4 13. Nd2 Bd5 14. Bxd5 cxd5
15. Nb3 Qd8 16. Rc1 Na6 17. Qd2 Qd7 18. Qa5 Rfc8 19. Nd2 e6 20. Nb1 Rc6 21. Qd2
Rac8 22. a3 h6 23. Rxc6 Qxc6 24. Nc3 Qc4 25. Qd1 Kh7 26. g4 b5 27. Bd6 Qc6 28.
Be7 Nc7 29. Qe2 Qd7 30. Bc5 a6 31. b4 Ne8 32. e4 dxe4 33. Qxe4 Nf6 34. Qf3 Qc7
35. d5 Qb7 36. Ne4 Nxd5 37. Nd6 Qc7 38. Nxc8 Qxc8 39. Qxf7 Qb8 40. Bd4 Qc7 41.
Qxg7+ Qxg7 42. Bxg7 Kxg7 43. Rxe6 Nf4 44. Rxa6 Nxh3+ 45. Kg2 Nf4+ 46. Kf3 Nd5
47. Rc6 h5 48. gxh5 gxh5 49. Rc5 Nf6 50. Rxb5 Kg6 51. Rb6 Kg5 52. Rxf6 Kxf6 53.
a4 Ke5 54. b5 h4 55. Kg2 Kf4 56. b6 Kg4 57. b7 h3+ 58. Kh2 Kf3 59. b8=Q 1-0

[Event "26th WSCC 2016 Open 65+"]
[Site "Marianske Lazne, Czech Republic - Hotel Cristal and Continental"]
[Date "2016.11.26"]
[Round "7.100"]
[White "Bernhoeft, Erhard"]
[Black "Horyna, Josef"]
[Result "0-1"]
[WhiteElo "1962"]
[BlackElo "1746"]
[PlyCount "138"]
[EventDate "2016.11.19"]

1. c4 Nf6 2. g3 g6 3. Bg2 Bg7 4. Nc3 O-O 5. Nf3 d6 6. O-O c6 7. d4 Qc7 8. Qc2
Bg4 9. h3 Bxf3 10. Bxf3 e5 11. e3 Nbd7 12. Rb1 Rac8 13. b3 b5 14. Ne2 Rfe8 15.
Bd2 e4 16. Bg2 d5 17. cxb5 cxb5 18. Qxc7 Rxc7 19. Rbc1 Rec8 20. Ba5 Rc2 21. Nc3
Rxc1 22. Rxc1 Bf8 23. Ne2 Rxc1+ 24. Nxc1 b4 25. Bf1 Bd6 26. Bb5 Kf8 27. Bd8 h5
28. Kg2 Be7 29. Bc7 Ne8 30. Bf4 Ndf6 31. Bb8 a5 32. Ne2 Bd6 33. Ba7 Ke7 34. Bb6
Bc7 35. Ba7 Bd6 36. Bc6 Bc7 37. g4 hxg4 38. hxg4 Nxg4 39. Bxd5 f5 40. Bc6 Nef6
41. Bc5+ Kd8 42. Nf4 Bxf4 43. exf4 Kc7 44. d5 Nh5 45. Be8 Nxf4+ 46. Kg3 Nxd5
47. Bxg6 e3 48. fxe3 Ngxe3 49. Kf3 Nd1 50. Bxf5 Kc6 51. Bd4 N1c3 52. Be6 Kd6
53. Bf7 Nxa2 54. Bxd5 Kxd5 55. Ke3 Nc1 56. Bb6 Nxb3 57. Kd3 Kc6 58. Be3 Kb5 59.
Kc2 a4 60. Kb2 Na5 61. Bd4 Nc4+ 62. Kc2 a3 63. Kb3 Na5+ 64. Ka2 Kc4 65. Be5 Nc6
66. Bd6 Nd4 67. Be7 Nb5 68. Bf6 Nc3+ 69. Ka1 b3 0-1

[Event "26th WSCC 2016 Open 65+"]
[Site "Marianske Lazne, Czech Republic - Hotel Cristal and Continental"]
[Date "2016.11.26"]
[Round "7.101"]
[White "Palla, Ivan"]
[Black "De Giorgis, Georges"]
[Result "1/2-1/2"]
[WhiteElo "1514"]
[BlackElo "1653"]
[PlyCount "83"]
[EventDate "2016.11.19"]

1. Nf3 d5 2. g3 Nf6 3. d4 Nc6 4. Bg2 e6 5. O-O Ne4 6. Nfd2 f5 7. c3 Be7 8. Nf3
Bf6 9. Bf4 O-O 10. Ne5 Ne7 11. f3 Nd6 12. Qc2 g5 13. Bd2 Bxe5 14. dxe5 Nf7 15.
f4 g4 16. Be1 Ng6 17. Bf2 b6 18. c4 c6 19. b4 Bb7 20. c5 Re8 21. a3 b5 22. Nd2
a5 23. Nb3 axb4 24. axb4 Rxa1 25. Rxa1 Qc7 26. Nd4 Nf8 27. Qb2 Ra8 28. Nb3
Rxa1+ 29. Qxa1 Nd8 30. Be1 Kg7 31. Qa5 Qc8 32. Bc3 Nd7 33. Bf1 Kg6 34. e3 Ba6
35. Nd4 Bb7 36. Bd3 Kf7 37. Bc2 Ke7 38. Kf2 h5 39. Qa1 Qa8 40. Qxa8 Bxa8 41.
Be1 Nb8 42. Kg2 1/2-1/2

[Event "26th WSCC 2016 Open 65+"]
[Site "Marianske Lazne, Czech Republic - Hotel Cristal and Continental"]
[Date "2016.11.26"]
[Round "7.103"]
[White "Doehner, Hans-Juergen"]
[Black "Gudashvili, Gavazi"]
[Result "0-1"]
[WhiteElo "2111"]
[BlackElo "1617"]
[PlyCount "112"]
[EventDate "2016.11.19"]

1. e4 d5 2. exd5 Qxd5 3. d3 c6 4. Nf3 Nf6 5. Nc3 Qa5 6. Bd2 Qb6 7. Rb1 Bg4 8.
Be2 e6 9. O-O Bb4 10. a3 Bxc3 11. Bxc3 Nbd7 12. Qd2 Qc7 13. b4 O-O 14. Rfe1
Rfe8 15. h3 Bh5 16. Ne5 Bxe2 17. Rxe2 Nd5 18. Bb2 f6 19. Nf3 e5 20. g3 Nf8 21.
Rbe1 Qd7 22. Kh2 Ng6 23. Re4 b6 24. d4 exd4 25. Qxd4 Rxe4 26. Qxe4 Rd8 27. h4
Nc7 28. h5 Nf8 29. h6 Re8 30. Qc4+ Qd5 31. Qxd5+ cxd5 32. hxg7 Kxg7 33. Rxe8
Nxe8 34. Nd4 Nd6 35. b5 Nd7 36. f3 Nc5 37. Bc1 Kf7 38. Kg2 Ne6 39. Nxe6 Kxe6
40. a4 d4 41. Kf2 Kd5 42. Bf4 Nb7 43. Bc7 f5 44. Ke2 Kc4 45. f4 h5 46. Bb8 Nc5
47. Bxa7 Nxa4 48. Kd2 Kxb5 49. Bb8 Kc4 50. Be5 Nc5 51. Ke2 Ne4 52. Kf3 b5 53.
Bg7 d3 54. cxd3+ Kxd3 55. Kg2 b4 56. Kf3 b3 0-1

[Event "26th WSCC 2016 Open 65+"]
[Site "Marianske Lazne, Czech Republic - Hotel Cristal and Continental"]
[Date "2016.11.26"]
[Round "7.104"]
[White "Benson, Lachlan"]
[Black "Feco, Jan"]
[Result "0-1"]
[WhiteElo "1988"]
[BlackElo "1761"]
[PlyCount "76"]
[EventDate "2016.11.19"]

1. e4 e5 2. Nf3 Nc6 3. Bc4 Bc5 4. b4 Bxb4 5. c3 Ba5 6. d4 Nf6 7. dxe5 Ng4 8.
Bxf7+ Kxf7 9. Ng5+ Ke8 10. Qxg4 d6 11. e6 Ne5 12. Qe2 Qf6 13. f4 Nc6 14. O-O
Bxe6 15. Bb2 Bb6+ 16. Kh1 Kd7 17. Nd2 h6 18. Nxe6 Qxe6 19. Nf3 Rae8 20. Rfe1
Rhf8 21. g3 Kc8 22. Nd4 Nxd4 23. cxd4 Ba5 24. d5 Qg6 25. Qc4 Bxe1 26. Rxe1 Qh5
27. Qe2 Qxe2 28. Rxe2 Rf7 29. e5 dxe5 30. fxe5 Rf1+ 31. Kg2 Rd1 32. e6 g5 33.
Bg7 Rxd5 34. Bxh6 c5 35. e7 b5 36. Bg7 Kd7 37. Bf6 b4 38. Kf3 Rf5+ 0-1

[Event "26th WSCC 2016 Open 65+"]
[Site "Marianske Lazne, Czech Republic - Hotel Cristal and Continental"]
[Date "2016.11.26"]
[Round "7.105"]
[White "Mortensen, Steen Juul"]
[Black "Filzmaier, Bruno"]
[Result "0-1"]
[WhiteElo "1975"]
[BlackElo "1760"]
[PlyCount "42"]
[EventDate "2016.11.19"]

1. d4 e6 2. c4 d5 3. Nf3 Nf6 4. g3 b6 5. Bg2 Bb7 6. O-O Nbd7 7. b3 c5 8. cxd5
Bxd5 9. Nc3 Bb7 10. Bf4 a6 11. Rc1 cxd4 12. Nxd4 Bxg2 13. Kxg2 Rc8 14. Nf3 Ba3
15. Rc2 O-O 16. Nb1 Rxc2 17. Qxc2 Bc5 18. Qd3 Qa8 19. Nc3 e5 20. Bc1 e4 21.
Nxe4 Qxe4 $11 0-1

[Event "26th WSCC 2016 Open 65+"]
[Site "Marianske Lazne, Czech Republic - Hotel Cristal and Continental"]
[Date "2016.11.26"]
[Round "7.106"]
[White "Freeke, Kees"]
[Black "Weller, Karl"]
[Result "1/2-1/2"]
[WhiteElo "1791"]
[BlackElo "1969"]
[PlyCount "33"]
[EventDate "2016.11.19"]

1. f4 d5 2. Nf3 Nf6 3. e3 g6 4. Be2 Bg7 5. O-O O-O 6. d3 c6 7. Ne5 Nfd7 8. d4
c5 9. Bf3 e6 10. c3 Qb6 11. Re1 Nc6 12. Nxd7 Bxd7 13. Kh1 f5 14. Nd2 Rac8 15.
Be2 c4 16. Nf3 Qa5 17. Ng5 $11 1/2-1/2

[Event "26th WSCC 2016 Open 65+"]
[Site "Marianske Lazne, Czech Republic - Hotel Cristal and Continental"]
[Date "2016.11.26"]
[Round "7.107"]
[White "Schwertel, Johann"]
[Black "Siewert, Wolfgang"]
[Result "1/2-1/2"]
[WhiteElo "1961"]
[BlackElo "1753"]
[PlyCount "94"]
[EventDate "2016.11.19"]

1. d4 Nf6 2. Nf3 e6 3. c3 b6 4. g3 Bb7 5. Bg2 c5 6. O-O cxd4 7. Nxd4 Bxg2 8.
Kxg2 a6 9. Nd2 Be7 10. e4 d6 11. Qf3 Ra7 12. Re1 Qc7 13. Kg1 O-O 14. Nf1 Nc6
15. Be3 Nxd4 16. Bxd4 e5 17. Be3 Rb7 18. Bg5 Ne8 19. Bxe7 Qxe7 20. Ne3 g6 21.
Nd5 Qe6 22. Qe2 b5 23. a4 Nf6 24. axb5 axb5 25. Red1 Nxd5 26. Rxd5 Rfb8 27. Ra6
Rb6 28. Rxb6 Rxb6 29. Rxb5 Rc6 30. Kg2 Kg7 31. Qd3 Qc8 32. Qd5 h5 33. h4 Qc7
34. Qb3 Rc4 35. Rb7 Qc6 36. f3 d5 37. Rb4 Qc5 38. Rxc4 dxc4 39. Qc2 Qb5 40. Qd2
Qb3 41. g4 hxg4 42. fxg4 Qb7 43. Kf3 Qe7 44. Kg3 Qc5 45. Kg2 Qc8 46. Qd1 Qb7
47. Kf3 Qxb2 1/2-1/2

[Event "26th WSCC 2016 Open 65+"]
[Site "Marianske Lazne, Czech Republic - Hotel Cristal and Continental"]
[Date "2016.11.26"]
[Round "7.108"]
[White "Bernardo Jimenez, Fernando"]
[Black "Peierl, Walter"]
[Result "1/2-1/2"]
[WhiteElo "1926"]
[BlackElo "1741"]
[PlyCount "69"]
[EventDate "2016.11.19"]

1. d4 Nf6 2. c4 e6 3. Nf3 d5 4. e3 Be7 5. Bd3 Nbd7 6. Nc3 a6 7. cxd5 exd5 8.
O-O h6 9. Qe2 O-O 10. b3 Re8 11. Bb2 Bd6 12. Rfc1 c6 13. Rc2 Nf8 14. Na4 Ne6
15. Rac1 Nf4 16. Qd2 Nxd3 17. Qxd3 Ne4 18. Re2 Bg4 19. Ree1 Bxf3 20. gxf3 Bxh2+
21. Kf1 Ng5 22. e4 Qf6 23. e5 Qxf3 24. Qxf3 Nxf3 25. Re3 Nd2+ 26. Ke2 Ne4 27.
Rh1 Bf4 28. Rf3 Bg5 29. Rfh3 Bd8 30. f3 Ng5 31. Rg3 Re6 32. Nc5 Re7 33. f4 Ne6
34. Nxe6 fxe6 35. Rxh6 1/2-1/2

[Event "26th WSCC 2016 Open 65+"]
[Site "Marianske Lazne, Czech Republic - Hotel Cristal and Continental"]
[Date "2016.11.26"]
[Round "7.109"]
[White "Belokopyt, Boris"]
[Black "Biza, Miroslav"]
[Result "1/2-1/2"]
[WhiteElo "1898"]
[BlackElo "1728"]
[PlyCount "101"]
[EventDate "2016.11.19"]

1. d4 d5 2. Nf3 Bf5 3. c4 e6 4. Nc3 c6 5. Bf4 dxc4 6. e4 Bg4 7. Bxc4 Bxf3 8.
gxf3 Nf6 9. a4 Qa5 10. O-O Nh5 11. Be3 Nd7 12. f4 g6 13. d5 e5 14. fxe5 Nxe5
15. Be2 Nf6 16. f4 Bc5 17. Bf2 Ned7 18. Bf3 cxd5 19. Nxd5 Nxd5 20. exd5 O-O 21.
Qe1 Qb6 22. a5 Qxb2 23. Bxc5 Nxc5 24. Qe3 b6 25. Rab1 Qf6 26. axb6 axb6 27. d6
Rad8 28. Rxb6 Rxd6 29. Rxd6 Qxd6 30. Rd1 Qb6 31. Rc1 Nd7 32. Qxb6 Nxb6 33. Rc7
Rd8 34. f5 Kg7 35. fxg6 hxg6 36. Rb7 Nc4 37. Rc7 Ne5 38. Rc3 Rd2 39. h3 Kf6 40.
Be4 Kg5 41. Rc2 Rxc2 42. Bxc2 Nf3+ 43. Kf2 Kf4 44. Bd1 Nh4 45. Bb3 f6 46. Bc2
g5 47. Ba4 Nf5 48. Bc6 Ne3 49. Bb7 Nd1+ 50. Ke2 Nc3+ 51. Kf2 1/2-1/2

[Event "26th WSCC 2016 Open 65+"]
[Site "Marianske Lazne, Czech Republic - Hotel Cristal and Continental"]
[Date "2016.11.26"]
[Round "7.110"]
[White "Rubinstein, Mark"]
[Black "Svoboda, Jaroslav"]
[Result "0-1"]
[WhiteElo "1886"]
[BlackElo "1712"]
[PlyCount "96"]
[EventDate "2016.11.19"]

1. d4 d5 2. c4 e6 3. Nc3 c6 4. e3 Nf6 5. a3 Be7 6. Bd3 O-O 7. Nf3 Nbd7 8. c5 e5
9. dxe5 Ng4 10. Qc2 g6 11. b4 Ngxe5 12. Be2 Nxf3+ 13. gxf3 f5 14. f4 Bh4 15.
Kf1 Nf6 16. f3 Nh5 17. Qd3 Be6 18. Bd1 Bf6 19. Rb1 d4 20. exd4 Bxd4 21. Ne2 Bf6
22. Qc2 Qc7 23. Be3 Rad8 24. Kg2 Qg7 25. Ng3 Bd4 26. Bc1 Bd5 27. Ne2 Rfe8 28.
Qd3 Be3 29. Qc2 Bxc1 30. Qxc1 Qf7 31. Rf1 Bc4 32. Rf2 Kg7 33. Ng3 Nf6 34. Qc3
Rd3 35. Qb2 Red8 36. Bc2 Rd2 37. Qc3 Rxf2+ 38. Kxf2 Kh6 39. Rc1 Bd5 40. Rg1 Nh5
41. Ne2 Qe7 42. Qe5 Qh4+ 43. Ke3 Rf8 44. Rg2 Rf7 45. Rg5 Qh3 46. Nd4 Ng7 47.
Qd6 Qf1 48. Rg3 Qc1+ {White Time Zero} 0-1

[Event "26th WSCC 2016 Open 65+"]
[Site "Marianske Lazne, Czech Republic - Hotel Cristal and Continental"]
[Date "2016.11.26"]
[Round "7.111"]
[White "Zilbershtein, Victor"]
[Black "Prammer, Franz"]
[Result "1/2-1/2"]
[WhiteElo "1716"]
[BlackElo "1864"]
[PlyCount "63"]
[EventDate "2016.11.19"]

1. d4 f5 2. c4 Nf6 3. Nf3 e6 4. Nc3 Be7 5. e3 O-O 6. Bd3 d6 7. b3 c6 8. Qc2 a5
9. O-O Na6 10. a3 Nc7 11. e4 Nh5 12. exf5 exf5 13. Re1 g6 14. d5 Bf6 15. Rb1 c5
16. b4 axb4 17. axb4 Na6 18. Na2 cxb4 19. Nxb4 Nc5 20. Bb2 Bd7 21. Bxf6 Qxf6
22. Qb2 Qxb2 23. Rxb2 h6 24. g3 Ra3 25. Rd1 Rfa8 26. Kg2 Kf7 27. h3 Nf6 28. Nd4
Ra1 29. Rxa1 Rxa1 30. Bc2 Ra3 31. Ne2 Ba4 32. Bxa4 1/2-1/2

[Event "26th WSCC 2016 Open 65+"]
[Site "Marianske Lazne, Czech Republic - Hotel Cristal and Continental"]
[Date "2016.11.26"]
[Round "7.112"]
[White "Bobbia, Mario"]
[Black "Do Prado, Hamilton Mesquita"]
[Result "0-1"]
[WhiteElo "1850"]
[BlackElo "1672"]
[PlyCount "62"]
[EventDate "2016.11.19"]

1. e4 c5 2. Nf3 d6 3. d4 cxd4 4. Nxd4 Nf6 5. Nc3 Nc6 6. Bg5 e6 7. Bb5 Bd7 8.
Qd2 a6 9. Nxc6 bxc6 10. Ba4 Be7 11. O-O h6 12. Be3 c5 13. Bxd7+ Qxd7 14. Rfe1
Qc7 15. Bf4 g5 16. Bg3 Nh5 17. Rad1 Nxg3 18. hxg3 h5 19. f4 h4 20. f5 hxg3 21.
e5 dxe5 22. fxe6 fxe6 23. Qd3 Rh6 24. Qf3 Rb8 25. Rf1 Rh7 26. Ne4 c4 27. Qxg3
Rxb2 28. Qa3 Bxa3 29. Nf6+ Ke7 30. Ng8+ Ke8 31. Nf6+ Kf8 0-1

[Event "26th WSCC 2016 Open 65+"]
[Site "Marianske Lazne, Czech Republic - Hotel Cristal and Continental"]
[Date "2016.11.26"]
[Round "7.113"]
[White "Bohman, Leif"]
[Black "Vagner, Grigorij"]
[Result "1-0"]
[WhiteElo "1749"]
[BlackElo "1849"]
[PlyCount "99"]
[EventDate "2016.11.19"]

1. d4 d5 2. Bf4 Nc6 3. e3 a6 4. a4 Nf6 5. Nd2 Bf5 6. c3 e6 7. Ngf3 Be7 8. Ne5
h6 9. Be2 O-O 10. O-O Nd7 11. Nxc6 bxc6 12. b4 a5 13. b5 c5 14. Rc1 c4 15. f3
Bg5 16. Bxg5 Qxg5 17. e4 Bg6 18. f4 Qe7 19. Bf3 Nb6 20. exd5 exd5 21. Re1 Qa3
22. Re3 Rae8 23. Re5 Rd8 24. f5 Bh7 25. Nb1 Qd6 26. Qe1 c6 27. Bd1 cxb5 28.
axb5 Qd7 29. Bc2 Rfe8 30. Qf2 f6 31. Rce1 Qxb5 32. Nd2 Qc6 33. Nf3 a4 34. Nh4
a3 35. Ng6 Qd6 36. Nf4 Ra8 37. Rxe8+ Rxe8 38. Ne6 Ra8 39. Nc5 a2 40. Ra1 Qc6
41. Qe2 Re8 42. Qf2 Ra8 43. Qe2 Kh8 44. g4 Bg8 45. Bd1 Qe8 46. Qd2 Nd7 47. Ba4
Rd8 48. Nxd7 Rxd7 49. Bxd7 Qxd7 50. Rxa2 1-0

[Event "26th WSCC 2016 Open 65+"]
[Site "Marianske Lazne, Czech Republic - Hotel Cristal and Continental"]
[Date "2016.11.26"]
[Round "7.114"]
[White "Kummer, Heinz"]
[Black "Marshall, Michael"]
[Result "1/2-1/2"]
[WhiteElo "1702"]
[BlackElo "1841"]
[PlyCount "45"]
[EventDate "2016.11.19"]

1. e4 c5 2. Nf3 e6 3. d4 cxd4 4. Nxd4 Nc6 5. Nc3 Qc7 6. Be2 a6 7. O-O Nf6 8.
Bg5 Nxd4 9. Qxd4 Bc5 10. Qd3 b5 11. a3 Bb7 12. Kh1 b4 13. axb4 Bxb4 14. f3 Nh5
15. Qc4 Qxc4 16. Bxc4 h6 17. Be3 Bxc3 18. bxc3 Nf6 19. Bd4 O-O 20. Rfd1 Rfc8
21. Bd3 d5 22. e5 Nd7 23. Ra5 1/2-1/2

[Event "26th WSCC 2016 Open 65+"]
[Site "Marianske Lazne, Czech Republic - Hotel Cristal and Continental"]
[Date "2016.11.26"]
[Round "7.115"]
[White "Svec, Ludek"]
[Black "Andersson, Finn"]
[Result "1-0"]
[WhiteElo "1702"]
[BlackElo "1833"]
[PlyCount "118"]
[EventDate "2016.11.19"]

1. d4 e6 2. c4 Nf6 3. Nf3 d5 4. g3 Be7 5. Bg2 O-O 6. O-O Nbd7 7. b3 b6 8. Nc3
Bb7 9. cxd5 exd5 10. Bf4 a6 11. Ne5 Re8 12. Rc1 Ba3 13. Rc2 Nf8 14. Bg5 Be7 15.
Bxf6 Bxf6 16. Ng4 Be7 17. Ne3 c6 18. Qd3 Qd6 19. Nf5 Qd8 20. Nxe7+ Rxe7 21. Na4
Nd7 22. e4 g6 23. exd5 cxd5 24. Rfc1 Nf6 25. Qf3 Qd6 26. Nb2 Ree8 27. Nd3 Rac8
28. Bh3 Rxc2 29. Rxc2 Kg7 30. Ne5 Re7 31. Kg2 Ne4 32. Qd3 f5 33. f4 Qb4 34. Kf1
a5 35. Bg2 Nd6 36. a4 Nc8 37. Qc3 Ba6+ 38. Kf2 Qd6 39. Qc6 Bb7 40. Qxd6 Nxd6
41. Ke3 Ne4 42. Bf1 Kf6 43. Bb5 Ke6 44. Be2 h5 45. Nxg6 Rg7 46. Nh4 Nf6 47. Kf3
Ne4 48. Kg2 Nd6 49. Bxh5 b5 50. Be2 bxa4 51. bxa4 Nc4 52. Kf2 Kf6 53. Bd3 Nd6
54. Rc5 Ne4+ 55. Bxe4 fxe4 56. Rxa5 Rc7 57. Rc5 Rh7 58. Ke3 Rd7 59. a5 Ba6 1-0

[Event "26th WSCC 2016 Open 65+"]
[Site "Marianske Lazne, Czech Republic - Hotel Cristal and Continental"]
[Date "2016.11.26"]
[Round "7.116"]
[White "Klus, Jan"]
[Black "Korenevski, Oleg"]
[Result "1/2-1/2"]
[WhiteElo "1694"]
[BlackElo "1823"]
[PlyCount "55"]
[EventDate "2016.11.19"]

1. e4 e5 2. Nf3 Nc6 3. Bb5 a6 4. Ba4 Nf6 5. d3 d6 6. h3 Be7 7. c3 O-O 8. Nbd2
h6 9. d4 b5 10. Bc2 exd4 11. cxd4 d5 12. e5 Ne8 13. O-O f6 14. Nb3 fxe5 15.
dxe5 Nb4 16. Bb1 c5 17. a3 Nc6 18. Re1 Nc7 19. Bg6 Bf5 20. Bxf5 Rxf5 21. Qc2
Qf8 22. Bd2 Ne6 23. Rad1 Rd8 24. Bc1 Rxf3 25. gxf3 Ncd4 26. Nxd4 Nxd4 27. Rxd4
cxd4 28. Qd3 1/2-1/2

[Event "26th WSCC 2016 Open 65+"]
[Site "Marianske Lazne, Czech Republic - Hotel Cristal and Continental"]
[Date "2016.11.26"]
[Round "7.117"]
[White "Zurel, Maxim"]
[Black "Ingham, William"]
[Result "0-1"]
[WhiteElo "1635"]
[BlackElo "1814"]
[PlyCount "104"]
[EventDate "2016.11.19"]

1. e4 d6 2. d4 Nf6 3. Bd3 c6 4. Nf3 Bg4 5. O-O e6 6. Nbd2 Be7 7. Qe1 O-O 8. Nc4
Bxf3 9. gxf3 d5 10. exd5 cxd5 11. Ne3 Nc6 12. c3 Bd6 13. Ng2 Qc7 14. f4 Nh5 15.
Qe3 Ne7 16. Be2 Nf5 17. Qf3 Nf6 18. Bd3 a6 19. Qh3 g6 20. Bd2 Ne4 21. Bxe4 dxe4
22. Rfe1 Qc6 23. Ne3 Nxe3 24. Bxe3 b5 25. Kh1 b4 26. Rac1 bxc3 27. Qg2 f5 28.
Rxc3 Qd7 29. Rec1 Rac8 30. Qf1 Rxc3 31. Rxc3 Rc8 32. Qc1 Rxc3 33. Qxc3 Qc7 34.
Qb3 Kf7 35. d5 exd5 36. Qxd5+ Kg7 37. Qd2 Qc6 38. Qc3+ Qxc3 39. bxc3 Kf7 40.
Kg2 Ke6 41. c4 Kd7 42. c5 Be7 43. f3 Kc6 44. fxe4 fxe4 45. Kf2 a5 46. Ke2 a4
47. Kd2 a3 48. h3 Bxc5 49. Bxc5 Kxc5 50. Kc3 Kd5 51. Kd2 Kd4 52. Ke2 e3 0-1

[Event "26th WSCC 2016 Open 65+"]
[Site "Marianske Lazne, Czech Republic - Hotel Cristal and Continental"]
[Date "2016.11.26"]
[Round "7.118"]
[White "Wibe, Per H"]
[Black "Zak, Jiri"]
[Result "0-1"]
[WhiteElo "1805"]
[BlackElo "1628"]
[PlyCount "72"]
[EventDate "2016.11.19"]

1. d4 d5 2. Bf4 Nf6 3. Nf3 e6 4. e3 Be7 5. Bd3 Nbd7 6. Nbd2 Nh5 7. Bg3 Nxg3 8.
hxg3 h6 9. Ne5 Nxe5 10. dxe5 c5 11. c3 Bd7 12. Qg4 Bf8 13. f4 Qb6 14. b3 c4 15.
bxc4 Qxe3+ 16. Qe2 Qxg3+ 17. Kd1 Ba4+ 18. Nb3 dxc4 19. Bxc4 a6 20. Rh3 Qxf4 21.
Kc2 Rc8 22. Bd3 Qb4 23. Be4 Be7 24. Qd3 Bb5 25. Qf3 Rxc3+ 26. Qxc3 Qxe4+ 27.
Kb2 Qxg2+ 28. Nd2 O-O 29. a4 Bc6 30. Rg3 Qd5 31. Rag1 g5 32. Nf3 Rd8 33. Nxg5
Bxg5 34. Rxg5+ hxg5 35. Qg3 Qd2+ 36. Ka1 Bd5 0-1

[Event "26th WSCC 2016 Open 65+"]
[Site "Marianske Lazne, Czech Republic - Hotel Cristal and Continental"]
[Date "2016.11.26"]
[Round "7.119"]
[White "Maman, Emanuel"]
[Black "Glacner, Karel"]
[Result "1-0"]
[WhiteElo "1800"]
[BlackElo "1629"]
[PlyCount "71"]
[EventDate "2016.11.19"]

1. e4 e5 2. Nf3 f5 3. Nxe5 Qf6 4. d4 d6 5. Nc4 fxe4 6. d5 Bf5 7. Nc3 a6 8. Be3
b5 9. Nd2 Qg6 10. Qe2 Be7 11. Nxb5 Bd8 12. Nd4 Ne7 13. c4 Bd7 14. Bf4 O-O 15.
Bg3 Nf5 16. Nxf5 Bxf5 17. Nb3 Bg4 18. Qc2 Bf6 19. Be2 Bxe2 20. Qxe2 Nd7 21. O-O
Rab8 22. Rab1 Rbe8 23. Rbc1 Be5 24. c5 Rf6 25. cxd6 cxd6 26. Rc7 Nb6 27. Qxa6
Nxd5 28. Qc4 Bxg3 29. Qxd5+ Kh8 30. hxg3 e3 31. fxe3 Rxf1+ 32. Kxf1 Rf8+ 33.
Ke2 Qxg3 34. Qf3 Qxf3+ 35. gxf3 h5 36. Rc4 1-0

[Event "26th WSCC 2016 Open 65+"]
[Site "Marianske Lazne, Czech Republic - Hotel Cristal and Continental"]
[Date "2016.11.26"]
[Round "7.121"]
[White "Lacha, Jan"]
[Black "Ostrowski, Michal"]
[Result "1-0"]
[WhiteElo "1796"]
[BlackElo "1223"]
[PlyCount "50"]
[EventDate "2016.11.19"]

1. e4 Nc6 2. Nc3 e5 3. g3 Nf6 4. Bg2 g6 5. Nge2 Bg7 6. d3 O-O 7. Be3 Ng4 8. Bd2
Nf6 9. h3 d6 10. O-O Be6 11. f4 exf4 12. gxf4 Ne7 13. Ng3 Qd7 14. Kh2 c6 15.
Qf3 h6 16. f5 gxf5 17. exf5 Bd5 18. Nxd5 Nexd5 19. c4 Ne7 20. Bc3 Kh7 21. Rae1
Neg8 22. Nh5 Nxh5 23. Qxh5 Nf6 24. Qh4 Qd8 25. Rg1 d5 1-0

[Event "26th WSCC 2016 Open 65+"]
[Site "Marianske Lazne, Czech Republic - Hotel Cristal and Continental"]
[Date "2016.11.26"]
[Round "7.122"]
[White "Rychtecky, Pavel"]
[Black "Malinovsky, Jozef"]
[Result "1-0"]
[WhiteElo "1601"]
[BlackElo "1794"]
[PlyCount "87"]
[EventDate "2016.11.19"]

1. e4 c5 2. Nf3 d6 3. d4 cxd4 4. Nxd4 Nf6 5. Nc3 a6 6. Be2 e5 7. Nb3 Nc6 8. O-O
h6 9. Be3 g5 10. f3 Be6 11. Nd5 Bxd5 12. exd5 Ne7 13. c4 Bg7 14. Bd3 b5 15. Rc1
bxc4 16. Bxc4 O-O 17. Rc2 a5 18. Qd3 a4 19. Nc1 Nd7 20. Ne2 Nb6 21. b3 a3 22.
Nc3 Ra5 23. Rd1 Nxc4 24. bxc4 Qd7 25. Rb1 Nf5 26. Bb6 Ra6 27. Bf2 Nd4 28. Bxd4
exd4 29. Nb5 Rb8 30. Re1 Rxb5 31. cxb5 Rb6 32. Rc6 Rb7 33. Rec1 Be5 34. b6 Rb8
35. Rc7 Qd8 36. Qf5 Qf6 37. Qxf6 Bxf6 38. Rc8+ Rxc8 39. Rxc8+ Kg7 40. b7 d3 41.
Rc1 Bd4+ 42. Kf1 Ba7 43. Rd1 f6 44. Rxd3 1-0